| 000 | 00635nam a2200205 a 4500 | ||
|---|---|---|---|
| 005 | 20240925065029.0 | ||
| 008 | 991125s1977 mx 000 0 spa u | ||
| 035 | _aUPN01000049336 | ||
| 049 | _aCG | ||
| 050 | 4 |
_aBF121 _bC6.68 |
|
| 100 | 1 | _aColeman, James Covington | |
| 245 | 1 | 0 |
_aPsicología contemporánea y conducta eficaz / _cJames C. Coleman, Constance L. Hamman ; tr. por Laura Delgado. |
| 260 |
_aMéxico : _bEl Manual Moderno, _c1977. |
||
| 300 | _a565 p. | ||
| 440 | 0 |
_aSerie PC ; _v1 |
|
| 650 | 4 |
_aConducta (Psicología) _94460 |
|
| 650 | 4 |
_aPsicología _938 |
|
| 700 | 1 |
_aHamman, Constance L., _ecoaut. |
|
| 905 | _aLibro | ||
| 999 |
_c49336 _d49336 |
||